000 00504nam a2200169 i 4500
001 123439
003 ES-MaACL
005 20230906192155.0
007 t|
008 070214s1931 sp r ||||1| spa d
100 1 _aRadl, Emanuel.
_994932
245 1 0 _aHistoria de las teorías biológicas /
_cEm. Radl.
260 _aMadrid :
_b[Galo Sèz],
_c1931.
300 _a2 v. ;
_c26 x 18 cm.
505 8 _aContiene: t. I: Hasta el siglo XIX --- t. II: Desde Lamarck y Cuvier
852 _aES-MaACL
_jA-436-37
999 _c123439
_d123439